00337nam a2200121Ia 4500008004100000041000800041082001700049100001900066245004100085260005200126300003000178365000700208240624s9999 xx 000 0 und d aeng a658.4012 JON aJONES GARETH R aCASE STUDIES IN STRATEGIC MANAGEMENT c2010aAustraliabSouth-Western Cengage Learning axi, : 299 : p. : cm. ; 25 cRS